MATMAT - S2 - CIMENT - Statistiques

Statistiques générales
  • Ce quiz a été pris 20 fois
  • Le résultat moyen est 4 sur 14
Statistiques - réponses
Question Réponse % Correct
Qui est l'inventeur du ciment artificiel ? Louis Vicat
100%
À quelle température le clinker est-il obtenu ? 1400°C
80%
Le béton est composé de mortier et de : Gravier
60%
Quelle proportion de matières Vicat utilise-t-il pour fabriquer son ciment ? 80% calcaire, 20% argile
40%
Quelle œuvre architecturale a été construite en 1903 ? Ingalls Building
40%
Quel type de ciment est recommandé pour les travaux en milieux agressifs ? CEM III
20%
Quel composant principal est représenté par la lettre K ? Clinker Portland
20%
Quelle propriété essentielle définit un liant hydraulique ? Durcit par hydratation et reste stable sous l’eau
20%
Qui a introduit la précontrainte en 1939 ? Eugène Freyssinet
20%
Qui a inventé le ciment Portland ? Joseph Aspdin
20%
Quelle norme française s’applique aux travaux à la mer ? NF P 15-317
20%
Qui est le premier à breveter le béton armé ? Jean-Louis Lambot
0%
Quelle est la fonction principale du ciment LH ? Réduction de la chaleur d’hydratation
0%
À quoi sert le sulfate de calcium dans la composition du ciment ? Retarder la prise
0%
Aucun quiz correspondant
Distribution des résultats
% des personnes avec chaque résultat
Percentile par nombre de réponses
Votre historique - résultats
Vous n’avez pas pris ce quiz